Le dernier Picasso: 1953-1973
Enregistré dans:
| Format: | Livre |
|---|---|
| Langue: | français |
| Publié: |
París
SPADEM
1988
|
| Sujets: | |
| Tags: |
Ajouter un tag
Pas de tags, Soyez le premier à ajouter un tag!
|
MARC
| LEADER | 00000nam a2200000 a 4500 | ||
|---|---|---|---|
| 001 | UCV8191 | ||
| 003 | CL-VaPUC | ||
| 008 | 901017e19880000FR |||||||||||||||||fre|d | ||
| 082 | 0 | 4 | |a 759.06 |b DER |2 21 |
| 245 | 1 | 3 | |a Le dernier Picasso: 1953-1973 |
| 300 | |a 388 p | ||
| 942 | |c BK | ||
| 945 | |d 19901017 00:00:00 | ||
| 260 | |a París |b SPADEM |c 1988 | ||
| 500 | |a Musée national d'art moderne. Musée Picasso, Paris | ||
| 600 | 0 | 7 | |a PICASSO, PABLO |2 CL-VaPUC |9 265273 |
| 650 | 0 | |a Exposiciones |9 265884 | |
| 583 | |a last modification |c 19901017 00:00:00 |k Rodrigo Vera | ||
| 999 | |c 213742 |d 213740 | ||
| 952 | |0 0 |1 0 |2 ddc |4 0 |6 759_060000000000000_DER_1988 |7 0 |8 P |9 196418 |a BIBARQ |b BIBARQ |d 2019-11-14 |i 264312K |o 759.06 DER 1988 |p 264312K |r 2025-01-20 |w 2019-11-14 |y BK |k ARQ | ||
| 952 | |0 0 |1 0 |4 0 |6 759_060000000000000_DER_1988 |7 0 |8 A |9 196419 |a BIBARQ |b BIBARQ |d 2019-11-14 |i 3216918 |o 759.06 DER 1988 |p 3216918 |r 2025-01-20 |w 2019-11-14 |y BK |k ARQ | ||